00694nam a2200193 a 450000100100000000500170001000800410002704000250006808200150009310000400010824000360014824500350018426000310021930000210025049000100027183000160028195201860029799900170048300003589520200930074712.0111115s1973 fr 000 0 fre d aDO-SdBNPbspacBNPHU axxxbF263i1 aFaulkner, William,d1897-19629978110aIntruder in the dustlespañol10aL´intrus /cWilliam Faulkner. aParis :bGallimard,c1973. a306 p. ;c18 cm.1 aFolio 0aFolio94233 001050718MOaGRbGRcCTd2011-11-15iLF1l0oxxx F263ip35895-10r2020-06-25w2020-06-25y1zPerteneció a la biblioteca personal de Juan Isidro Jimenes- GrullónZNo se presta c35386d35386